Monedas europeas anteriores al Euro € - Estadísticas

Estadísticas generales
  • Esta prueba ha sido intentada 3.668 veces
    882 desde el último reinicio
  • La puntuación promedio es 11 de 21
Estadísticas de respuestas
Divisa País Año de salida de circulación % Correcto
Peseta España, Andorra 2002
95%
Franco Francia, Mónaco, Andorra 2002
86%
Franco belga Bélgica 2002
86%
Franco luxemburgués Luxemburgo 2002
86%
Lira italiana Italia, San Marino, Ciudad del Vaticano 2002
75%
Lira maltesa Malta 2008
75%
Marco alemán Alemania 2002
70%
Libra chipriota Chipre 2008
68%
Libra irlandesa Irlanda 2002
68%
Marco finlandés Finlandia 2002
67%
Corona eslovaca Eslovaquia 2009
56%
Corona estonia Estonia 2011
55%
Escudo portugués Portugal 2002
43%
Florín neerlandés Países Bajos 2002
36%
Dracma griega Grecia 2002
33%
Chelín austriaco Austria 2000
25%
Leva búlgara Bulgaria 2026
17%
Kuna croata Croacia 2023
16%
Lats letón Letonia 2014
10%
Tólar Eslovenia 2007
10%
Litas lituana Lituania 2015
9%
No se encontraron pruebas coincidentes
Distribución de puntuación
Porcentaje de gente con cada puntuación
Porcentaje por número respondido
Historial de tus puntuaciones
No has intentado esta prueba desde el último reinicio